Tramlinien Zürich #2 - Statistiken

Allgemein
  • Dieses Quiz wurde 39 mal gespielt
  • Das Durchschnittsergebnis liegt bei 41 aus 105
Antwortstatistiken
Linie Haltestelle % Korrekt
8 | 9 Bellevue
89%
6 | 7 Central
89%
6 Zoo
85%
6 | 7 Bahnhofstrasse/HB
74%
8 | 9 Bürkliplatz
74%
6 | 9 ETH/Universitätsspital
74%
7 | 9 Milchbuck
74%
6 | 7 Rennweg
74%
6 | 7 | 8 | 9 Paradeplatz
70%
6 Kirche Fluntern
67%
8 Escher-Wyss-Platz
63%
8 Hardplatz
63%
9 Kunsthaus
63%
8 | 9 Stauffacher
63%
6 Platte
59%
7 Schaffhauserplatz
59%
6 Voltastrasse
59%
8 | 9 Kantonalbank
56%
8 Hardturm
52%
8 Klusplatz
52%
8 Römerhof
52%
6 | 7 | 8 Stockerstrasse
52%
7 | 9 Tierspital
52%
9 Triemli
52%
9 Seilbahn Rigiblick
48%
9 Kantonsschule
44%
8 Schiffbau
44%
9 Universität Irchel
44%
8 Helvetiaplatz
41%
7 | 9 Schwamendingerplatz
41%
9 Sihlstrasse
41%
6 | 7 Tunnelstrasse
41%
7 Wollishoferplatz
41%
8 Bäckeranlage
37%
6 | 7 Bahnhof Enge
37%
9 Goldbrunnenplatz
37%
6 | 7 Haldenegg
37%
8 Kreuzplatz
33%
9 Schmiede Wiedikon
33%
7 Bahnhof Stettbach
30%
8 Englischviertelstrasse
30%
9 Heuried
30%
9 Hirzenbach
30%
9 Werd
30%
8 Bahnhof Hardbrücke
26%
8 Bahnhof Stadelhofen
26%
7 Museum Rietberg
26%
9 Bahnhof Wiedikon
22%
8 Fischerweg
22%
7 Morgental
22%
9 Ueberlandpark
22%
8 Bernoulli-Häuser
19%
9 Schaufelbergerstrasse
19%
7 | 9 Waldgarten
19%
8 Bahnhof Selnau
15%
7 Billoweg
15%
7 Butzenstrasse
15%
8 Güterbahnhof
15%
9 Haldenbach
15%
9 Luchswiesen
15%
6 Toblerplatz
15%
7 Ueberlandpark
15%
7 Bahnhof Wollishofen/Staubstrasse
11%
9 Luegisland
11%
7 Mattenhof
11%
7 Renggerstrasse
11%
7 Roswiesen
11%
9 Talwiesenstrasse
11%
9 Winkelriedstrasse
11%
6 Zürichbergstrasse
11%
9 Altried
7%
7 Brunaustrasse
7%
8 Förrlibuckstrasse
7%
7 Glattwiesen
7%
7 Guggachstrasse
7%
8 Hölderlinstrasse
7%
9 Langmauerstrasse
7%
9 Letzistrasse
7%
7 Probstei
7%
7 Röslistrasse
7%
7 Sonneggstrasse
7%
6 Susenbergstrasse
7%
9 Heerenwiesen
4%
9 Kinkelstrasse
4%
7 Ottikerstrasse
4%
Keine übereinstimmenden Quizze gefunden
Verteilung der Resultate
Anzahl Personen mit jedem Resultat
Perzentil nach korrekt beantworteten Fragen
Ihre Resultats-Entwicklung
Sie haben dieses Quiz noch nicht gespielt